| 000 | 00838nam a2200253 i 4500 | ||
|---|---|---|---|
| 001 | bg | ||
| 100 | 1 | _aOSIPIUK, Walenty | |
| 245 | 1 | 0 |
_aDeformacja niesprężysta i pękanie materiałów / _cWalenty Osipiuk. |
| 260 |
_aBiałystok : _bDział Wydawnictw i Poligrafii PB, _c1999. |
||
| 300 |
_a145 s. : _bil. ; _c23 cm. |
||
| 490 | 1 |
_aRozprawy Naukowe / Politechnika Białostocka, _x0867-096X ; _vnr 59 |
|
| 504 | _aBibliogr. | ||
| 650 | 9 |
_aMetale _xmechanika |
|
| 650 | 9 |
_aNaprężenia i odkształcenia _xzagadnienia |
|
| 650 | 9 |
_aPękanie _xzagadnienia |
|
| 650 | 9 |
_aPlastyczność _xteoria |
|
| 650 | 9 |
_aSprężystość _xteoria |
|
| 830 | 0 |
_aRozprawy Naukowe (Politechnika Białostocka) ; _vnr 59 |
|
| 040 | _cBPK | ||
| 041 | 0 | _apl | |
| 080 | _a620.1:539.3/.6:624.04 | ||
| 942 | _cKS | ||
| 008 | s pl f |000 0 pol | ||
| 999 |
_c38004 _d38004 |
||
| 856 |
_uhttp://koha.tu.koszalin.pl/cgi-bin/koha/opac-detail.pl?biblionumber=38004 _yKatalog online BPK |
||